[Event "Ch Yugoslavia"]
[Site "masterchessopenings.com Novi Sad (Yugoslavia)"]
[Round "14"]
[White "Udovcic Mijo (YUG)"]
[Black "Matanovic Aleksandar (SRB)"]
[Result "1-0"]
[WhiteElo "2460"]
[BlackElo "2490"]

1.d4 Nf6 2.c4 e6 3.Nc3 Bb4 4.e3 O-O 5.Nf3 c5 6.Be2 b6 7.O-O Bb7 8.Qc2 Nc6
9.Rd1 cxd4 10.exd4 d5 11.cxd5 exd5 12.Bg5 Be7 13.Ne5 Rc8 14.Qf5 g6 15.Qh3 Nxe5
16.dxe5 Ne4 17.Nxe4 Bxg5 18.f4 Be7 19.f5 Qc7 20.f6 Qxe5 21.fxe7 Qxe7 22.Ng3
Rc2 23.Bf3 Rxb2 24.Re1 Qb4 25.Qd7 Rxa2 26.Rxa2 Qxe1+ 27.Nf1 Bc8 28.Qxa7 Qb4
29.Qa3 Qd4+ 30.Qe3 Qc4 31.Rd2 Be6 32.Qxb6 Rc8 33.Qd4 Qb5 34.Ne3 Rc1+ 35.Kf2
Qb8 36.h3 Qh2 37.Rd1 Rxd1 38.Nxd1 Qd6 39.Ne3 h5 40.Nxd5 Bxd5 41.Bxd5 Qe7
42.Kf3 Kh7 43.Kf4 Qh4+ 44.Ke3 Qg3+ 45.Ke2 Qd6 46.Kd3 Qa3+ 47.Qc3 Qe7 48.Qc6
Kg7 49.Kc4 Qe2+ 50.Kc5 Qf2+ 51.Kd6 Qf6+ 52.Kd7 Qf5+ 53.Kc7 Qe5+ 54.Qd6 Qd4
55.Qd7 Qe3 56.Kd8 Qc3 57.Qc7 {#r} 1-0

[Event "Ch Yugoslavia (1/2 final)"]
[Site "masterchessopenings.com Mataruska Banja (Serbia)"]
[Round "5"]
[White "Milanovic Danilo (SRB)"]
[Black "Pikula Dejan (SRB)"]
[Result "1-0"]
[WhiteElo "2415"]
[BlackElo "2465"]

1.d4 Nf6 2.c4 e6 3.Nc3 Bb4 4.e3 c5 5.Nf3 O-O 6.Bd3 b6 7.O-O Bxc3 8.bxc3 Bb7
9.Nd2 d6 10.f4 Nbd7 11.g4 d5 12.g5 Ne4 13.cxd5 exd5 14.Nxe4 dxe4 15.Be2 Qc8
16.d5 c4 17.Bg4 Qd8 18.Ba3 Nc5 19.d6 Nd3 20.Qa4 Ne5 21.fxe5 Qxg5 22.Rf4 h5
23.Qxc4 Bc8 24.h4 Qxh4 25.Bxc8 Qg3+ 26.Kf1 Raxc8 27.Qxe4 Rxc3 28.Bc1 Rfc8
29.Bd2 Rc2 30.Rd1 R8c4 31.Qf3 Rxf4 32.Qxf4 Qh3+ 33.Ke2 Rxa2 34.Rf1 Qd7 35.Qf5
Qb5+ 36.Qd3 Qd7 37.Qf5 Qb5+ 38.Qd3 Qd7 39.Rf4 Qh3 40.Qf5 Qg2+ 41.Rf2 Qd5
42.Qd3 Qe6 43.Qd4 Qd7 44.Qc4 Rb2 45.Rh2 b5 46.Qd4 Ra2 47.Rxh5 Qc6 48.Rh2 Qd7
49.Qe4 {#r} 1-0

[Event "Ch Yugoslavia (team) (1 liga)"]
[Site "masterchessopenings.com Niksic (Yugoslavia)"]
[Round "6"]
[White "Raicevic Vladimir (SRB)"]
[Black "Stojanovic Mihajlo (SRB)"]
[Result "1/2-1/2"]
[WhiteElo "2089"]
[BlackElo "2465"]

1.d4 Nf6 2.c4 e6 3.Nc3 Bb4 4.e3 c5 5.Nf3 O-O 6.Bd2 b6 7.a3 Bxc3 8.Bxc3 Ne4
9.Rc1 Bb7 10.Be2 d6 11.b4 Nxc3 12.Rxc3 cxb4 13.axb4 a5 14.bxa5 Rxa5 15.O-O Nd7
16.Nd2 Qa8 17.Bf3 Ra2 18.Bxb7 Qxb7 19.Rc2 Rfa8 20.Qb1 Rxc2 21.Qxc2 Qc6 22.Qe4
Qxe4 23.Nxe4 Rc8 24.Nxd6 Rc6 25.Nb5 Rxc4 26.Ra1 Kf8 27.h3 Ke7 28.Ra7 Rb4
29.Nc3 f5 30.g4 f4 31.Ne2 fxe3 32.fxe3 Rb5 33.Kf2 Ra5 34.Rc7 Kd6 35.Rc8 h5
36.Nc3 h4 37.Ne4+ Kd5 38.Kf3 Ra7 39.Nd2 e5 40.e4+ Kxd4 {#d} 1/2-1/2

[Event "Ch Yugoslavia (w)"]
[Site "masterchessopenings.com Belgrade (Yugoslavia)"]
[Round "12"]
[White "Maksimovic Suzana (SRB)"]
[Black "Velickovski-Kostic Maja (SRB)"]
[Result "1/2-1/2"]
[WhiteElo "2215"]
[BlackElo "2181"]

1.d4 e6 2.Nf3 Nf6 3.c4 Bb4+ 4.Nc3 O-O 5.e3 c5 6.Bd3 b6 7.O-O Bxc3 8.bxc3 Bb7
9.Qc2 d5 10.cxd5 exd5 11.Ne5 Nbd7 12.Ba3 Re8 13.Nxd7 Qxd7 14.dxc5 Qe7 15.Qa4
bxc5 16.Rab1 Qc7 17.Bxc5 Qxc5 18.Rxb7 Qxc3 19.Rd1 a5 20.Qf4 Rac8 21.h3 h6
22.Qd4 Qa3 23.Qb2 Rc3 24.Qxa3 Rxa3 25.Rd2 Rc8 26.Kf1 g6 27.Ke2 Rc1 28.Rdb2 a4
29.f3 h5 30.Ra7 Rcc3 31.Rd2 h4 32.e4 dxe4 33.fxe4 Nxe4 34.Bxe4 Re3+ 35.Kf2
Rxe4 36.Rb7 Rf4+ 37.Kg1 Rc3 38.Rb1 Kg7 39.Rf1 Rcc4 40.Re1 g5 41.Kh2 Rc3 42.Re5
Kg6 43.Re1 f6 44.Kg1 g4 45.hxg4 Rxg4 46.Kh2 a3 47.Rf1 f5 48.Rff2 Kg5 49.Rd8
Rc5 50.Ra8 Rc3 51.Rg8+ Kh6 52.Rf8 Rg5 53.Rh8+ Kg6 {#d} 1/2-1/2

[Event "Cup Carnaval (open)"]
[Site "masterchessopenings.com Barranquilla (Colombia)"]
[Round "4"]
[White "Clavijo Jorge (COL)"]
[Black "Majul Isolina (COL)"]
[Result "1-0"]
[WhiteElo "2388"]
[BlackElo "2088"]

1.d4 Nf6 2.c4 e6 3.Nc3 Bb4 4.e3 c5 5.Nf3 O-O 6.Bd3 b6 7.O-O Bxc3 8.bxc3 Bb7
9.Qc2 d5 10.a4 Qc7 11.cxd5 exd5 12.a5 Nbd7 13.Ba3 Rfe8 14.Ng5 Ne4 15.Nxh7 Kxh7
16.f3 Nf6 17.fxe4 dxe4 18.Be2 cxd4 19.exd4 Nd5 20.Rf3 Kg8 21.Rg3 Nf4 22.Rf1
Rad8 23.Bc1 e3 24.Bxe3 Nxe2+ 25.Qxe2 Be4 26.Bf4 Qc6 27.Be5 Bg6 28.h4 Rd5
29.Qf3 Rexe5 30.dxe5 Qc5+ 31.Qf2 Rxe5 32.Qxc5 Rxc5 33.axb6 axb6 34.Rf4 b5
35.Kf2 Bc2 36.Rb4 g6 37.Ke2 Bf5 38.Kd2 Be6 39.Rg5 Bf5 40.Rf4 Kh7 41.Rg3 Kh6
42.Kc1 Re5 43.Kd2 Be6 44.Re3 Rd5+ 45.Rd4 Rf5 46.Rf3 Rc5 47.g3 g5 48.Kc2 gxh4
49.Rxh4+ Kg6 50.Kb2 Re5 51.Ka3 Bd5 52.Rg4+ Kh5 53.Rff4 f5 54.Rg7 Kh6 55.Rd7
Bc4 56.Kb4 Kg5 57.Rd8 Kf6 58.Rb8 Bd3 59.Rh4 Ke6 60.Rd4 Re3 {#r} 1-0

[Event "Cup Clare Benedict"]
[Site "masterchessopenings.com Adelboden (Switzerland)"]
[Round "1"]
[White "Bouwmeester Hans (NED)"]
[Black "Teschner Rudolf (GER)"]
[Result "1-0"]
[WhiteElo "2343"]
[BlackElo "2295"]

1.d4 Nf6 2.c4 e6 3.Nc3 Bb4 4.e3 O-O 5.Nf3 c5 6.Bd3 b6 7.O-O Bb7 8.Bd2 cxd4
9.exd4 d5 10.cxd5 exd5 11.Ne5 Bxc3 12.Bxc3 Nc6 13.Rc1 Rc8 14.Nxc6 Bxc6 15.Ba6
Rc7 16.Bd2 Ba8 17.Qa4 Ne4 18.Rxc7 Qxc7 19.Rc1 Qd6 20.Bb4 Qf4 21.Rc2 Rb8 22.Qd7
h5 23.Qc7 Qxc7 24.Rxc7 Ng5 25.Rxa7 Ne6 26.Bc3 Bc6 27.Be2 g6 28.f3 Ra8 29.Rxa8+
Bxa8 30.Bb5 Kf8 31.Kf2 Ke7 32.Ke3 Nd8 33.h4 Bc6 34.Bd3 Bd7 35.Bb4+ Ke6 36.b3
Nc6 37.Bc3 Ke7 38.Kf4 Kf6 39.g4 Nd8 40.a4 Ne6+ 41.Kg3 Ke7 42.Be2 f5 43.gxh5
gxh5 44.f4 Be8 45.Kf3 Bf7 46.Bd3 Bg6 47.Ke3 Nc7 48.Bb4+ Kd7 49.Bf8 Ne8 50.Kd2
Nf6 51.Kc3 Kc7 52.Kb4 Ne4 53.a5 bxa5+ 54.Kxa5 Nd2 55.b4 Nb3+ 56.Ka6 Nxd4 57.b5
Nxb5 58.Kxb5 Kd7 59.Kc5 Ke6 60.Be2 Be8 61.Bf3 Kf6 62.Bxd5 Ba4 63.Kd6 {#r} 1-0

[Event "Cup Felix (open)"]
[Site "masterchessopenings.com Felix Spa (Romania)"]
[Round "9"]
[White "Manolache Marius (ROM)"]
[Black "Hegedus Iuliu (ROM)"]
[Result "1-0"]
[WhiteElo "2513"]
[BlackElo "2342"]

1.d4 Nf6 2.c4 e6 3.Nc3 Bb4 4.e3 c5 5.Nf3 O-O 6.Bd3 d6 7.Qc2 Nc6 8.O-O Re8
9.Rd1 Qe7 10.dxc5 dxc5 11.Ne4 h6 12.b3 Ba5 13.Nxf6+ Qxf6 14.Bb2 Qe7 15.Bh7+
Kh8 16.Be4 Nb4 17.Qe2 Bc7 18.Ne5 Bxe5 19.Bxe5 Nc6 20.Bxc6 bxc6 21.e4 Qb7
22.Qh5 Kh7 23.Rd3 Rg8 24.Rg3 Qe7 25.Rd1 f6 26.Qg6+ Kh8 27.Bd6 Qe8 28.Qxe8 Rxe8
29.e5 Kh7 30.Bxc5 a5 31.Rd6 a4 32.b4 Ra6 33.a3 f5 34.h4 Kg8 35.f4 Kf7 36.Kf2
Rg8 37.Ke3 {#r} 1-0

[Event "Cup Germany"]
[Site "masterchessopenings.com Dusseldorf (Germany)"]
[Round "4"]
[White "Giese Guido (GER)"]
[Black "Esser Norbert (GER)"]
[Result "0-1"]
[WhiteElo "1999"]
[BlackElo "2188"]

1.d4 Nf6 2.c4 e6 3.Nc3 Bb4 4.e3 c5 5.Nf3 O-O 6.Qc2 d5 7.Be2 cxd4 8.exd4 dxc4
9.O-O b6 10.Bg5 Bb7 11.Rad1 Bxc3 12.Qxc3 Ne4 13.Bxd8 Nxc3 14.bxc3 Rxd8 15.Ne5
Nd7 16.Nxd7 Rxd7 17.Rb1 Bd5 18.Rb4 Rc7 19.a4 Kf8 20.Ra1 Ke7 21.f4 Kd6 22.Kf2
Rb8 23.Rab1 Re8 24.a5 bxa5 25.Ra4 Ree7 26.Rxa5 Rb7 27.Ra6+ Kc7 28.Rba1 Kb8
29.R6a4 Rb2 30.g3 Reb7 31.Ke3 R2b3 32.Kd2 Rb2+ 33.Ke3 Rc2 34.R4a3 Rbb2 35.Bf3
Rb3 36.Rxb3+ cxb3 37.Bxd5 exd5 38.Kd3 b2 39.Rb1 Rxh2 40.c4 dxc4+ 41.Kxc4 Kc7
42.Kd5 Kd7 {#R} 0-1

[Event "Cup Hope (open)"]
[Site "masterchessopenings.com Nizhnij Novgorod (Russia)"]
[Date "2010.08.13"]
[Round "4"]
[White "Abramjan Larisa (RUS)"]
[Black "Valitov Eldar (RUS)"]
[Result "0-1"]
[WhiteElo "1824"]
[BlackElo "1729"]

1.c4 Nf6 2.Nc3 e6 3.d4 Bb4 4.e3 c5 5.Nf3 O-O 6.Bd3 Nc6 7.dxc5 Bxc3+ 8.bxc3 Qa5
9.Qc2 Qxc5 10.a4 Qb6 11.Rb1 Qc7 12.e4 b6 13.O-O d6 14.Nd4 Ne5 15.Nb5 Qc6
16.Nd4 Qd7 17.Be2 Ba6 18.Nb5 Bb7 19.f3 a6 20.Na3 Qc6 21.Be3 Ned7 22.Qb3 Rab8
23.Rfd1 Ba8 24.Qc2 Nc5 25.Rb4 Rb7 26.Kf1 Rd7 27.Rdb1 Rb8 28.a5 Rdb7 29.axb6
Rxb6 30.Qd2 R6b7 31.Rd1 Rd8 32.e5 Ne8 33.Qb2 Rdd7 34.exd6 Rxd6 35.Nc2 Rxd1+
36.Bxd1 Nd3 {#R} 0-1

[Event "Cup Russia (open)"]
[Site "masterchessopenings.com Moscow (Russia)"]
[Round "3"]
[White "Frog Ilya (RUS)"]
[Black "Landa Konstantin (RUS)"]
[Result "1-0"]
[WhiteElo "2414"]
[BlackElo "2591"]

1.d4 Nf6 2.c4 e6 3.Nc3 Bb4 4.e3 c5 5.Nf3 O-O 6.Be2 b6 7.O-O Bxc3 8.bxc3 Nc6
9.Nd2 d6 10.f4 Qc7 11.Bd3 d5 12.Nf3 Rd8 13.cxd5 exd5 14.Ne5 a5 15.Qe2 Ne7
16.g4 c4 17.Bc2 Ne4 18.Ba3 Nxc3 19.Qe1 Ne4 20.Bxe7 Qxe7 21.Nc6 Qd6 22.Nxd8
Bxg4 23.Bxe4 dxe4 24.Qh4 Bf3 25.Rfc1 Qa3 26.Nc6 Qxe3+ 27.Qf2 Qxf4 28.Ne5 Qg5+
29.Kf1 Bh5 30.Rc3 f5 31.Rg3 Qf6 32.Qf4 h6 33.Rb1 Rd8 34.Kf2 Qd6 35.Kg2 Rf8
36.Rg1 Qxd4 37.Kh1 Bg4 38.Nxg4 fxg4 39.Qxg4 Rf7 40.Qe6 Kf8 41.Rg6 Qd7 42.Qxd7
Rxd7 43.Rxb6 Rd2 44.Re6 c3 45.Rxe4 c2 46.Rf1+ Kg8 47.Rc4 Kh7 48.a4 h5 49.Kg1
Kh6 50.Rc5 h4 51.Rxa5 g5 52.Rc5 g4 53.Rf6+ Kg7 54.Rfc6 Rd1+ 55.Kf2 Rd2+ 56.Ke3
Rxh2 57.Rxc2 Rh1 58.Rc7+ Kg6 59.Kf4 {#r} 1-0

[Event "Cup Tenkes (open)"]
[Site "masterchessopenings.com Harkany (Hungary)"]
[Date "1999.11.25"]
[Round "4"]
[White "Ivan Zoltan (HUN)"]
[Black "Vadasz Laszlo (HUN)"]
[Result "1/2-1/2"]
[WhiteElo "2200"]
[BlackElo "2275"]

1.d4 Nf6 2.c4 e6 3.Nc3 Bb4 4.Nf3 c5 5.e3 O-O 6.Bd2 d5 7.cxd5 exd5 8.Be2 Nc6
9.O-O cxd4 10.exd4 h6 11.Bf4 {#d} 1/2-1/2

[Event "Cup Warsaw"]
[Site "masterchessopenings.com Warsaw (Poland)"]
[Round "4"]
[White "Kostyra Stanislaw (POL)"]
[Black "Marcinkowski Kazimierz (POL)"]
[Result "1-0"]
[WhiteElo "2365"]
[BlackElo "2195"]

1.d4 Nf6 2.c4 e6 3.Nf3 Bb4+ 4.Nc3 c5 5.e3 O-O 6.Bd2 Nc6 7.a3 Bxc3 8.Bxc3 Ne4
9.Rc1 d6 10.Bd3 Nxc3 11.Rxc3 f5 12.Bc2 Qe7 13.Ba4 Nd8 14.dxc5 dxc5 15.Ne5 Nf7
16.Nxf7 Qxf7 17.Qd6 f4 18.Qxc5 b6 19.Qe5 Bb7 20.exf4 Qxf4 21.Qxe6+ Kh8 22.O-O
Rf6 23.Qd7 Be4 24.Rg3 Bg6 25.Rg4 Qe5 26.Qd4 Qe2 27.Bd1 Qe7 28.Qe3 Qf7 29.Bf3
Re8 30.Qd2 Bh5 31.Bd5 Qd7 32.Rg3 Re2 33.Qg5 Rf5 34.Qc1 Rf6 35.Re3 Qf5 36.f3
Rc2 37.Qe1 Rxb2 38.g4 Qf4 39.Re2 Rxe2 40.Qxe2 Bg6 41.Re1 h5 42.h3 Rf8 43.Kg2
Qd4 44.Qe3 Qb2+ 45.Re2 Qf6 46.Qe6 Bd3 47.Qxf6 Rxf6 48.Re8+ Kh7 49.g5 Rd6 50.h4
Kg6 51.Rf8 Rd7 52.Kg3 Bc2 53.Bc6 Rc7 54.Be8+ Kh7 55.Bxh5 Rxc4 56.Bf7 Rc5
57.Bg8+ Kh8 58.Bb3+ Kh7 59.Bxc2+ Rxc2 60.h5 Rc1 61.Kg4 g6 62.Rf7+ Kg8 63.hxg6
Rc4+ 64.f4 Ra4 65.Rb7 Rxa3 66.Kf5 Ra6 67.Ke5 b5 68.f5 {#r} 1-0

[Event "Czech League 2007/08 (2nd) (e)"]
[Site "masterchessopenings.com Czech Republic"]
[Date "2008.03.16"]
[Round "10"]
[White "Plsek Miroslav (CZE)"]
[Black "Kuchynka Lukas (CZE)"]
[Result "1/2-1/2"]
[WhiteElo "2168"]
[BlackElo "2203"]

1.d4 Nf6 2.c4 e6 3.Nc3 Bb4 4.e3 O-O 5.Nf3 c5 6.Bd3 Nc6 7.O-O Bxc3 8.bxc3 d6
9.Nd2 e5 10.Bb2 Qe7 11.Qc2 Re8 12.Ne4 h6 13.Rae1 Nd7 14.Ng3 Nf6 15.Ne4 Nd7
{#d} 1/2-1/2

[Event "Czech League 2007/08 (krajsky prebor)"]
[Site "masterchessopenings.com Czech Republic"]
[Date "2008.01.06"]
[Round "5"]
[White "Smola Jan (CZE)"]
[Black "Bauer Jindrich (CZE)"]
[Result "1/2-1/2"]
[WhiteElo "1837"]
[BlackElo "1800"]

1.d4 Nf6 2.c4 e6 3.Nc3 Bb4 4.Nf3 c5 5.e3 O-O 6.Be2 Bxc3+ 7.bxc3 b6 8.O-O Nc6
9.Qc2 Na5 10.e4 h6 11.e5 Ne8 12.Qe4 Ba6 13.Qg4 f5 14.Qg3 Kh7 15.Bg5 Qc7 16.Qh4
Bxc4 17.Bxc4 Nxc4 18.Be7 Rh8 19.g4 d6 20.Ng5+ Kg8 21.Nxe6 Qc8 22.gxf5 Nd2
23.Qg3 Nxf1 24.Rxf1 dxe5 25.dxe5 Qd7 26.Bf6 Nxf6 27.exf6 g5 28.Qf3 Re8 29.Ng7
Rf8 30.Nh5 Rh7 31.Re1 Qd2 32.Re6 Rd8 33.Kg2 Rf7 34.Ng3 Qd5 35.Ne4 Qd1 36.Qh3
g4 37.Qg3 Rd3 38.Qf4 Qf3+ 39.Qxf3 gxf3+ 40.Kg3 Rfd7 41.Kg4 Kf7 42.Kh5 R3d5
43.Kxh6 Rxf5 44.Rc6 Rfd5 45.Ng5+ Rxg5 46.Kxg5 Rd5+ 47.Kf4 Rd3 48.Kg5 Rd5+
49.Kf4 Rd3 50.Kg5 {#d} 1/2-1/2

[Event "Czech League 2008/09 (krajsky prebor)"]
[Site "masterchessopenings.com Czech Republic"]
[Date "2008.11.16"]
[Round "3"]
[White "Pultar Stanislav"]
[Black "Rakowiecki Andrzej"]
[Result "1/2-1/2"]
[WhiteElo "1877"]
[BlackElo "1991"]

1.d4 Nf6 2.c4 e6 3.Nc3 Bb4 4.Nf3 c5 5.e3 O-O 6.Bd3 d6 7.O-O Nc6 8.Ne4 Nxe4
9.Bxe4 f5 10.Bxc6 bxc6 11.a3 Ba5 12.dxc5 dxc5 13.Qa4 Qc7 14.Rd1 Rd8 15.Bd2
Bxd2 16.Rxd2 Rxd2 17.Nxd2 Rb8 18.Qc2 e5 19.f3 Be6 20.b3 Qd6 21.Ra2 Rd8 22.Rb2
Qd3 23.Qxd3 Rxd3 24.Kf2 a5 25.a4 Kf7 26.Rc2 f4 27.e4 h5 28.Rb2 g5 29.h3 g4
30.h4 Kf6 31.Ke2 Re3+ 32.Kf2 gxf3 33.gxf3 Bh3 34.Rc2 Ke6 35.Rb2 Kf6 36.Rc2 Ke7
37.Rb2 Rc3 38.Ke2 Re3+ 39.Kf2 Rd3 40.Ke2 Rd8 41.Rb1 Rg8 42.Rh1 Rg2+ 43.Kd3 Be6
44.Nf1 Kf6 45.Rh2 Rg1 46.Ke2 Bf7 47.Kf2 {#d} 1/2-1/2

[Event "Czech League 2009/10 (krajsky prebor)"]
[Site "masterchessopenings.com Czech Republic"]
[Date "2010.02.21"]
[Round "9"]
[White "Wiesinger Wolfgang"]
[Black "Just Pavel (CZE)"]
[Result "1-0"]
[WhiteElo "1787"]
[BlackElo "2049"]

1.d4 Nf6 2.c4 e6 3.Nc3 Bb4 4.e3 c5 5.Nf3 O-O 6.Bd3 d6 7.O-O Bxc3 8.bxc3 Nc6
9.d5 Ne7 10.Ng5 h6 11.Ne4 Nxe4 12.Bxe4 f5 13.Bc2 e5 14.f4 e4 15.Qh5 Kh7 16.g4
g6 17.Qh4 Kg7 18.h3 Bd7 19.Rb1 Rb8 20.Rf2 Nc8 21.Qxd8 Rxd8 22.Bd1 b6 23.Kg2
Kf6 24.Kg3 Rh8 25.Bc2 Rb7 26.Bd2 Be8 27.Bc1 Re7 28.Bd1 Bd7 29.Rbb2 Rg8 30.Rf1
Reg7 31.Rbf2 Ne7 32.Bc2 fxg4 33.hxg4 Bf5 34.gxf5 gxf5+ 35.Kh3 Rg3+ 36.Kh2 R3g4
37.Kh1 R8g7 38.Bd1 R4g6 39.Bd2 b5 40.cxb5 c4 41.Be2 Nxd5 42.Bxc4 Nb6 43.Bb3 d5
44.c4 {#r} 1-0

[Event "Czech League 2010/11 (1st) East"]
[Site "masterchessopenings.com Czech Republic"]
[Date "2010.12.12"]
[Round "5"]
[White "Splichal Stanislav (CZE)"]
[Black "Kubos Rostislav (CZE)"]
[Result "1/2-1/2"]
[WhiteElo "2201"]
[BlackElo "2230"]

1.d4 Nf6 2.Nf3 e6 3.c4 Bb4+ 4.Nc3 c5 5.e3 O-O 6.Bd3 d6 7.O-O Bxc3 8.bxc3 Nc6
9.e4 e5 10.d5 Ne7 11.Ne1 Ng6 12.g3 Bh3 13.Ng2 h6 14.f4 exf4 15.gxf4 Re8 16.Qc2
Nh5 17.Qf2 Qf6 18.Bd2 Re7 19.Be2 Bxg2 20.Kxg2 Ngxf4+ 21.Bxf4 Qg6+ 22.Bg3 Qxe4+
23.Bf3 Nf4+ 24.Bxf4 Qxf4 25.Rae1 Rae8 26.Rxe7 Rxe7 27.Qg3 Qxg3+ 28.hxg3 g6
29.Rb1 Kg7 30.a4 h5 31.a5 f6 32.Kf2 Kh6 33.Be2 Kg5 34.Bd3 f5 35.Kf3 Kf6 36.Kf4
g5+ 37.Kf3 Kg6 38.Rh1 Re8 39.Bc2 Re7 40.Rb1 Kf6 41.Bd3 Kg6 42.Rb2 Kf6 43.Rh2
Kg6 44.Rh1 Re8 45.Kf2 Re7 46.Be2 g4 47.Bd3 Kg5 48.Rf1 Re5 49.Kg2 Kf6 50.Rf2
Kg6 51.Kf1 Kg5 52.Kg2 {#d} 1/2-1/2

[Event "Dos Hermanas Qualifier (16-A)"]
[Site "masterchessopenings.com Internet"]
[Date "2003.03.16"]
[Round "3"]
[White "Boukobza Adrien (FRA)"]
[Black "Galego Luis (POR)"]
[Result "0-1"]
[WhiteElo "2153"]
[BlackElo "2515"]

1.d4 Nf6 2.c4 e6 3.Nf3 Bb4+ 4.Nc3 c5 5.e3 O-O 6.Bd3 b6 7.O-O Bb7 8.a3 Bxc3
9.bxc3 d6 10.Qe2 Nc6 11.e4 e5 12.d5 Ne7 13.Bg5 Ng6 14.a4 h6 15.Be3 Nh5 16.Qd2
Nhf4 17.Bc2 Ba6 18.Bb3 f5 19.exf5 Rxf5 20.Bc2 Rf8 21.g3 Bxc4 22.gxf4 Nxf4
23.Bxf4 Rxf4 24.Bd3 Qd7 25.Ne1 Bxd5 26.Bh7+ Kxh7 27.Qxd5 Raf8 28.Ng2 Rf3
29.Rad1 Qf5 30.Qxd6 Rxf2 31.Ne3 Qg5+ 32.Kh1 Qxe3 33.Rxf2 Rxf2 34.Qd3+ Qxd3
35.Rxd3 Ra2 36.Re3 Rxa4 37.Rxe5 Ra2 38.Re7 a5 39.Rb7 Rb2 40.Kg1 Kg6 41.Rc7 Kf6
42.Rc6+ Kf5 43.Rd6 a4 44.Rd7 a3 45.Ra7 a2 46.Rf7+ Ke6 {#R} 0-1

[Event "Extraliga 2009/10"]
[Site "masterchessopenings.com Slovakia"]
[Date "2010.01.23"]
[Round "5"]
[White "Lehocky Viktor (SVK)"]
[Black "Straka Jozef st"]
[Result "0-1"]
[WhiteElo "2075"]
[BlackElo "2221"]

1.d4 Nf6 2.c4 e6 3.Nc3 Bb4 4.e3 O-O 5.Nf3 c5 6.a3 Bxc3+ 7.bxc3 d6 8.Bd3 Qe7
9.e4 e5 10.d5 Bg4 11.h3 Bh5 12.g4 Bg6 13.Qe2 h6 14.Nh4 Nh7 15.Ng2 Nd7 16.h4 f6
17.Ne3 Rfc8 18.f3 a6 19.Bd2 b6 20.Kf2 Ra7 21.Rag1 Kh8 22.Nf5 Bxf5 23.exf5 b5
24.Rb1 Nb6 25.cxb5 axb5 26.Bxb5 Nxd5 27.a4 Nc7 28.c4 Nxb5 29.axb5 Ra2 30.Ra1
Rca8 31.Rxa2 Rxa2 32.Qd3 Nf8 33.Kg3 Nd7 34.Rd1 Nb6 35.Bc3 d5 36.cxd5 Qd6
37.Qe4 Ra4 38.Qc2 e4+ 39.Kg2 exf3+ 40.Kh3 Qf4 {#R} 0-1

[Event "ICh Italy (team)  (final B)"]
[Site "masterchessopenings.com Treviso (Italy)"]
[Round "0"]
[White "Vezzosi Paolo (ITA)"]
[Black "Drasko Milan (MNE)"]
[Result "0-1"]
[WhiteElo "2379"]
[BlackElo "2487"]

1.d4 e6 2.c4 Nf6 3.Nc3 Bb4 4.Nf3 c5 5.e3 O-O 6.Bd2 b6 7.Be2 Bb7 8.O-O d6 9.a3
Bxc3 10.Bxc3 Nbd7 11.b4 Qe7 12.Qc2 Rac8 13.dxc5 bxc5 14.b5 Ne4 15.Bb2 f5
16.Nd2 d5 17.f3 Nd6 18.Rfd1 f4 19.exf4 Rxf4 20.cxd5 exd5 21.Bd3 Qe3+ 22.Kh1
Rh4 23.Nf1 Qf4 24.Qf2 d4 25.a4 Ne5 26.Qg3 Qf6 27.Bc1 Nxf3 28.Ra2 Qe5 {#R} 0-1

[Event "It"]
[Site "masterchessopenings.com Azov (Russia)"]
[Round "2"]
[White "Neverov Valeriy (UKR)"]
[Black "Khlian Eduard (RUS)"]
[Result "0-1"]
[WhiteElo "2485"]
[BlackElo "2390"]

1.d4 Nf6 2.c4 e6 3.Nc3 Bb4 4.e3 O-O 5.Nf3 c5 6.Bd3 Nc6 7.O-O Bxc3 8.bxc3 d6
9.Nd2 b6 10.Nb3 Ba6 11.e4 cxd4 12.cxd4 Nb4 13.Ba3 Nxd3 14.Qxd3 Rc8 15.Nd2 Re8
16.d5 exd5 17.exd5 Re5 18.Bb2 Rxd5 19.Qe3 Rf5 20.Rfe1 h6 21.Rac1 Qc7 22.Qd3
Qd7 23.h3 Bb7 24.Re3 Nh5 {#R} 0-1

[Event "It"]
[Site "masterchessopenings.com Buenos Aires (Argentina)"]
[Round "0"]
[White "Debarnot Roberto (ARG)"]
[Black "Najdorf Miguel (POL)"]
[Result "1/2-1/2"]
[WhiteElo "2375"]
[BlackElo "2540"]

1.d4 Nf6 2.c4 e6 3.Nc3 Bb4 4.e3 O-O 5.Nf3 c5 6.a3 Bxc3+ 7.bxc3 d6 8.Bd3 Nc6
9.d5 Ne7 10.e4 e5 11.Nh4 h6 12.g3 Qa5 13.Bd2 Ng6 14.Ng2 Bg4 15.f3 Bd7 16.O-O
Rae8 17.Rf2 Nh7 18.Ne3 Ng5 19.Kh1 Nh3 20.Rf1 Ne7 21.Nf5 Nxf5 22.exf5 Qd8
23.Qc2 Ng5 24.Rae1 Qf6 25.Bc1 Kh8 26.Rf2 Rg8 27.h4 Nh7 28.Rg1 g6 29.fxg6 fxg6
30.Bxh6 Bf5 31.Be4 Re7 32.Rh2 Rf7 33.Bg5 Qg7 34.h5 Bxe4 35.Qxe4 gxh5 36.Rxh5
Qxg5 37.Rxg5 Nxg5 38.Qg4 Nxf3 39.Qe6 Rgf8 40.Kg2 Nxg1 41.Kxg1 Rf6 42.Qh3+ Kg7
43.Qg4+ Rg6 44.Qh4 Rff6 45.Kg2 Kf7 46.Qh3 Kg7 47.Qd7+ Rf7 48.Qe8 b6 49.a4 Rh6
50.Qd8 Rhf6 51.Kh3 Kh7 52.Kg2 Rg6 53.Qh4+ Kg7 54.Qd8 Rgf6 55.Kh3 Kh7 56.Kg2
Rg6 57.Qh4+ Rh6 58.Qg4 Rg6 59.Qh4+ Kg7 60.Qd8 Rh6 61.Qg5+ Kh7 62.Qg4 Rg7
63.Qf5+ Rhg6 {#d} 1/2-1/2

[Event "It"]
[Site "masterchessopenings.com Buesum (Germany)"]
[Round "4"]
[White "Pollak Georg (GER)"]
[Black "Mohrlock Dieter (GER)"]
[Result "1/2-1/2"]
[WhiteElo "2350"]
[BlackElo "2300"]

1.d4 Nf6 2.c4 e6 3.Nc3 Bb4 4.e3 c5 5.Nf3 O-O 6.Be2 b6 7.O-O Bb7 8.Na4 cxd4
9.exd4 Be7 10.a3 Ne4 11.b4 a5 12.Qb3 axb4 13.axb4 Nc6 14.Ba3 Bf6 15.Bb2 Ne7
16.Nc3 Nxc3 17.Bxc3 Qc7 18.Rxa8 Rxa8 19.Ra1 Rxa1+ 20.Bxa1 Nf5 21.Qa4 Bxf3
22.Bxf3 g6 23.c5 Nxd4 24.Bxd4 Bxd4 25.c6 dxc6 26.Qxc6 Qe5 27.Qe4 Qd6 28.b5 Qc5
29.Qe2 Qc1+ 30.Qf1 Qf4 31.Qe2 e5 32.g3 Qc1+ 33.Kg2 Kg7 34.Qa2 Qc5 35.Qe2 f5
36.Bc6 Kf6 37.h4 Qc1 38.Bd5 e4 39.Ba2 e3 40.fxe3 Bxe3 41.Kf3 Bc5 42.Qe6+ Kg7
43.Qe5+ Kh6 {#d} 1/2-1/2

[Event "It"]
[Site "masterchessopenings.com Bulgaria"]
[Round "0"]
[White "Neikirkh Oleg N (BUL)"]
[Black "Lazarov Alexander (BUL)"]
[Result "1-0"]
[WhiteElo "2370"]
[BlackElo "2224"]

1.d4 Nf6 2.c4 e6 3.Nc3 Bb4 4.e3 c5 5.Nf3 O-O 6.Bd3 Nc6 7.d5 Bxc3+ 8.bxc3 Na5
9.O-O d6 10.e4 Ne8 11.e5 f5 12.Bg5 Qc7 13.Re1 h6 14.Bf4 g5 15.exd6 Nxd6 16.Be5
exd5 17.cxd5 c4 18.Bc2 Bd7 19.Nxg5 Be8 20.Ne6 Qe7 21.Qf3 Ne4 22.Rxe4 fxe4
23.Qg3+ {#r} 1-0

[Event "It"]
[Site "masterchessopenings.com Hastings (England)"]
[Round "9"]
[White "Clarke Peter H (ENG)"]
[Black "Penrose Jonathan (ENG)"]
[Result "1/2-1/2"]
[WhiteElo "2300"]
[BlackElo "2405"]

1.d4 Nf6 2.c4 e6 3.Nc3 Bb4 4.Nf3 c5 5.e3 O-O 6.Bd3 Nc6 7.O-O d6 8.Ne2 cxd4
9.exd4 e5 10.Bg5 Bg4 11.d5 Nb8 12.Ng3 h6 13.Be3 Nbd7 14.h3 Bh5 15.a3 Bc5
16.Qd2 Bg6 17.Qc2 Bxe3 18.fxe3 Bxd3 19.Qxd3 Qb6 20.Rf2 e4 21.Nxe4 Nxe4 22.Qxe4
Rae8 23.Qf5 Nf6 24.Kh2 Rxe3 25.Re1 Rfe8 26.Rxe3 Qxe3 27.Rf1 Qc5 28.Qd3 Re3
29.Qd4 {#d} 1/2-1/2

[Event "It"]
[Site "masterchessopenings.com Mar del Plata (Argentina)"]
[Round "3"]
[White "Toran Albero Roman (ESP)"]
[Black "Najdorf Miguel (POL)"]
[Result "0-1"]
[WhiteElo "2445"]
[BlackElo "2445"]

1.c4 Nf6 2.Nc3 e6 3.d4 Bb4 4.e3 c5 5.Nf3 O-O 6.Be2 b6 7.O-O Bb7 8.Qb3 Nc6
9.dxc5 Bxc5 10.Rd1 Rc8 11.Qc2 Qc7 12.a3 Be7 13.b3 d5 14.Nb5 Qb8 15.Bb2 h6
16.Nbd4 dxc4 17.Nxc6 Bxc6 18.bxc4 Ng4 19.h3 Bxf3 20.Bxf3 Qh2+ 21.Kf1 Ne5
22.Rd4 b5 23.Rf4 Nxc4 {#R} 0-1